Multiple Choice City Quiz – Stockholm - Statistics

General Stats
  • This quiz has been taken 14,705 times
    14,620 since last reset
  • The average score is 6 of 10
Answer Stats
Question Answer % Correct
What always takes place at Stockholm City Hall? The Nobel Prize banquet
90%
Stockholm lies on which sea? Baltic Sea
82%
Which of these books takes place in Stockholm? The Girl with the Dragon Tattoo
70%
What can you find in Stockholm's subway stations? World’s longest art gallery
64%
What is gravlax? Cured salmon
63%
Which of these companies is based in Stockholm? Spotify
62%
Which of these people is NOT from Stockholm? Magnus Carlsen
58%
What is the Vasa Museum about? A warship that sank on its first day
53%
Which of these musical acts is NOT from Stockholm? Tiësto
48%
What is the name of Stockholm’s Old Town? Gamla Stan
39%
No matching quizzes found
Score Distribution
Percent of People with Each Score
Percentile by Number Answered
Your Score History
You have not taken this quiz since the last reset